Metodología de análisis de contenido: teoría y práctica

El libro trata sobre el análisis de contenido, y cómo este puede llegar a convertirse en una de las más importantes técnicas de investigación de las ciencias sociales. Este libro se dirige a un publico muy amplio de profesionales en Ciencias Sociales e incluye la historia de este tipo de análisis su...

詳細記述

保存先:
書誌詳細
第一著者: Krippendorff, Klaus
フォーマット: テキスト
出版事項: Barcelona : Paidós
主題:
タグ: タグ追加
タグなし, このレコードへの初めてのタグを付けませんか!

MARC

LEADER 00000 a a2200000 04500
001 37495
003
040
020 |a 84-7509-627-1  
090 |a 1001 K92m  
100 |a Krippendorff, Klaus  
245 |a Metodología de análisis de contenido: teoría y práctica  
260 |a Barcelona :   |b Paidós  
300 |a 279 p.  
520 |a El libro trata sobre el análisis de contenido, y cómo este puede llegar a convertirse en una de las más importantes técnicas de investigación de las ciencias sociales. Este libro se dirige a un publico muy amplio de profesionales en Ciencias Sociales e incluye la historia de este tipo de análisis sus fundamentos conceptuales, el uso de la inferencia y sus clases, la lógica del proyecto del análisis de contenido, la determinación de las unidades, el muestreo, registro, lenguaje de datos, construcciones analíticas para la inferencia, técnicas analíticas, uso de los ordenadores, la fiabilidad y validez, así como una guía práctica  
650 |a ANALISIS DE CONTENIDO  
650 |a METODOLOGIA  
650 |a INVESTIGACION SOCIAL  
999 |c 13487  |d 13487